Catálogo - Centro de Recursos para el Aprendizaje y la Investigación

Volver al Sitio - CRAI Biblioteca

El tren de la diversión / (Registro nro. 114158)

Detalles MARC
000 -CABECERA
campo de control de longitud fija 01077nam a2200277 4500
001 - NÚMERO DE CONTROL
campo de control 114158
003 - IDENTIFICADOR DEL NÚMERO DE CONTROL
campo de control DR-UNIBE
005 - FECHA Y HORA DE LA ÚLTIMA TRANSACCIÓN
campo de control 20251015154504.0
008 - DATOS DE LONGITUD FIJA--INFORMACIÓN GENERAL
campo de control de longitud fija 251015b2025 dr ||||| |||| 00| 1 spa d
020 ## - NÚMERO INTERNACIONAL ESTÁNDAR DEL LIBRO
Número Internacional Estándar del Libro 9789945299199
040 ## - FUENTE DE LA CATALOGACIÓN
Centro catalogador/agencia de origen BIBLIOTECA UNIBE
Lengua de catalogación spa
Centro/agencia transcriptor BIBLIOTECA UNIBE
Normas de descripción rda
041 ## - CÓDIGO DE LENGUA
Código de lengua del texto/banda sonora o título independiente spa
090 ## - LOCALMENTE ASIGNADO TIPO-LC NÚMERO DE CLASIFICACIÓN (OCLC); NÚMERO DE CLASIFICACIÓN LOCAL (RLIN)
Número de clasificación (OCLC) (R) ; Numero de clasificación, CALL (RLIN) (NR) FBIU-INT CO D161t
100 10 - ENTRADA PRINCIPAL--NOMBRE DE PERSONA
Nombre de persona Damirón, Anya,
Fechas asociadas al nombre 1982 -
9 (RLIN) 53599
Término indicativo de función/relación autor
245 13 - MENCIÓN DE TÍTULO
Título El tren de la diversión /
Mención de responsabilidad, etc. Anya Damiron ; ilustraciones: Yonson Carbonell
250 ## - MENCIÓN DE EDICIÓN
Mención de edición Primera edición
260 ## - PUBLICACIÓN, DISTRIBUCIÓN, ETC.
Lugar de publicación, distribución, etc. Santo Domingo :
Nombre del editor, distribuidor, etc. Instituto Dominicano de Telecomunicaciones (INDOTEL),
Fecha de publicación, distribución, etc. 2025
300 ## - DESCRIPCIÓN FÍSICA
Extensión [Sin páginas] :
Otras características físicas ilustraciones a color ;
Dimensiones 25 x 19 cm
500 ## - NOTA GENERAL
Nota general Comentario de la obra en la contraportada, datos del autor e ilustrador en las últimas páginas
653 #7 - TÉRMINO DE INDIZACIÓN--NO CONTROLADO
Término no controlado Comics infantiles dominicanos
653 #7 - TÉRMINO DE INDIZACIÓN--NO CONTROLADO
Término no controlado Literatura infantil dominiccana
653 #7 - TÉRMINO DE INDIZACIÓN--NO CONTROLADO
Término no controlado Diversión - Comics ifantiles dominicanos
653 #7 - TÉRMINO DE INDIZACIÓN--NO CONTROLADO
Término no controlado Trenes - Comics infantiles dominicanos
700 13 - PUNTO DE ACCESO ADICIONAL--NOMBRE DE PERSONA
Nombre de persona Yonsonscb
Forma completa/desarrollada del nombre (Carbonell, Yonson)
9 (RLIN) 199816
Término indicativo de función/relación ilustrador
942 ## - ELEMENTOS DE PUNTO DE ACCESO ADICIONAL (KOHA)
Fuente del sistema de clasificación o colocación Sistema de Clasificación Decimal Dewey
Tipo de ítem Koha Libro (general)
Existencias
Estado de retiro Estado de pérdida Fuente del sistema de clasificación o colocación No para préstamo Código de colección Localización permanente Fecha de adquisición Total de préstamos Signatura topográfica completa Código de barras Fecha visto por última vez Número de copia Precio válido a partir de Tipo de ítem Koha
  Disponible Sistema de Clasificación Decimal Dewey No se presta Fondo Bibliográfico IBBY-UNIBE Biblioteca Central UNIBE 12/08/2025   FBIU-INT CO D161t FBIU0910 15/10/2025 EJ.1 15/10/2025 Libro (reserva)